<?xml version="1.0" encoding="UTF-8"?>
<collection xmlns="http://www.loc.gov/MARC21/slim">
 <record>
  <leader>01272nam a2200385   4500</leader>
  <controlfield tag="001">DLU050048070</controlfield>
  <controlfield tag="005">##20050721</controlfield>
  <controlfield tag="008">##011025s2002    enk      b    001 0 eng  </controlfield>
  <datafield tag="010" ind1="#" ind2="#">
   <subfield code="a">  2001052690</subfield>
  </datafield>
  <datafield tag="020" ind1="#" ind2="#">
   <subfield code="a">0521400686</subfield>
  </datafield>
  <datafield tag="040" ind1="#" ind2="#">
   <subfield code="a">DLC</subfield>
   <subfield code="c">DLC</subfield>
   <subfield code="d">DLC</subfield>
  </datafield>
  <datafield tag="042" ind1="#" ind2="#">
   <subfield code="a">pcc</subfield>
  </datafield>
  <datafield tag="050" ind1="#" ind2="#">
   <subfield code="a">QA161.P59</subfield>
   <subfield code="b">S45 2002</subfield>
  </datafield>
  <datafield tag="082" ind1="#" ind2="#">
   <subfield code="a">512.942</subfield>
   <subfield code="b">SM-T</subfield>
  </datafield>
  <datafield tag="100" ind1="#" ind2="#">
   <subfield code="a">Sheil-Small, T.</subfield>
   <subfield code="q">(Terence),</subfield>
   <subfield code="d">1937-</subfield>
  </datafield>
  <datafield tag="245" ind1="#" ind2="#">
   <subfield code="a">Complex polynomials /</subfield>
   <subfield code="c">T. Sheil-Small</subfield>
  </datafield>
  <datafield tag="260" ind1="#" ind2="#">
   <subfield code="a">Cambridge ;</subfield>
   <subfield code="a">New York :</subfield>
   <subfield code="b">Cambridge University Press,</subfield>
   <subfield code="c">2002</subfield>
  </datafield>
  <datafield tag="300" ind1="#" ind2="#">
   <subfield code="a">xix, 428 p. ;</subfield>
   <subfield code="c">24 cm.</subfield>
  </datafield>
  <datafield tag="440" ind1="#" ind2="#">
   <subfield code="a">Cambridge studies in advanced mathematics ;</subfield>
   <subfield code="v">75</subfield>
  </datafield>
  <datafield tag="504" ind1="#" ind2="#">
   <subfield code="a">Includes bibliographical references (p. 416-419) and index.</subfield>
  </datafield>
  <datafield tag="650" ind1="#" ind2="#">
   <subfield code="a">Functions of complex variables.</subfield>
  </datafield>
  <datafield tag="650" ind1="#" ind2="#">
   <subfield code="a">Polynomials.</subfield>
  </datafield>
  <datafield tag="856" ind1="#" ind2="#">
   <subfield code="3">Sample text</subfield>
   <subfield code="u">http://www.loc.gov/catdir/samples/cam033/2001052690.html</subfield>
  </datafield>
  <datafield tag="856" ind1="#" ind2="#">
   <subfield code="3">Table of contents</subfield>
   <subfield code="u">http://www.loc.gov/catdir/toc/cam027/2001052690.html</subfield>
  </datafield>
  <datafield tag="856" ind1="#" ind2="#">
   <subfield code="3">Publisher description</subfield>
   <subfield code="u">http://www.loc.gov/catdir/description/cam022/2001052690.html</subfield>
  </datafield>
  <datafield tag="923" ind1="#" ind2="#">
   <subfield code="a">21/2005</subfield>
  </datafield>
  <datafield tag="992" ind1="#" ind2="#">
   <subfield code="a">22400</subfield>
  </datafield>
  <datafield tag="994" ind1="#" ind2="#">
   <subfield code="a">DLU</subfield>
  </datafield>
  <datafield tag="900" ind1="#" ind2="#">
   <subfield code="a">True</subfield>
  </datafield>
  <datafield tag="911" ind1="#" ind2="#">
   <subfield code="a">Nguyễn Thị Tố Hạnh</subfield>
  </datafield>
  <datafield tag="925" ind1="#" ind2="#">
   <subfield code="a">G</subfield>
  </datafield>
  <datafield tag="926" ind1="#" ind2="#">
   <subfield code="a">A</subfield>
  </datafield>
  <datafield tag="927" ind1="#" ind2="#">
   <subfield code="a">SH</subfield>
  </datafield>
  <datafield tag="980" ind1="#" ind2="#">
   <subfield code="a">Thư viện Trường Đại học Đà Lạt</subfield>
  </datafield>
 </record>
</collection>
